02151cam a22004814i 4500003000900000005001700009008004100026035002000067040001300087040003300100049000900133082001900142100003400161245013600195264005100331300003300382336002100415337002500436338002300461490005900484504002200543505039400565526001000959526001000969526001000979526001000989526000800999526000801007526000801015526000801023526000801031526000801039526000801047650003401055910002801089942001401117949014101131994001401272596000601286999015401292980005501446952016801501PE-LiUPU20250731172925.0170508s1953 Miu r 000 0 spa d a(Sirsi) a203900 aPE-LiUPU aPE-LiUPUbspacPE-LiUPUerda aPRUA04a227.4bR552201 aRidderbos, Herman N.,eautor.14aThe espistle of Paul to the churches of Galatia :bthe English text with introduction, exposition and notes /cHerman N. Ridderbos. 1aGrand Rapids Michigan :bW.B. Eerdmans,c1953. a238 pages ;c23 centimeters. atext2rdacontent aunmediated2rdamedia avolume2rdacarrier0 aThe new international commentary of the New Testament. aIndex : page 233.0 aThe relationship between Paul and the Galatians according to the Data of the Epistle -- Occasion and purpose -- Content and Character -- The churches that are being addressed -- The date -- Authenticity -- Paul´s defense of his Apostolic qualifications -- The gospel of justification by faith alone maintained over against the judaizer's challenge -- The new life through the holy spirit. aSEG42 aSEG41 aSEG40 aSEG39 aP94 aP87 aP86 aP85 aP77 aP76 aP3504aBibliabGalatasvComentarios. ajckbncfcncfd20170508 2ddccBOOK a227.4 R55wDEWEYc1i75752lCCODEBUL1mBULp12.59r0sYtBOOKu2017-05-08xPOSGRADOzMA.TEOLOGIA0DONACIONo.STAFF. Colección Teologia aC0bPEPRU a1 a227.4 R55wDEWEYc20279i75752f2021-11-9g4lCCODEBUL1mBULp12.59r0sYtBOOKu2017-5-8xTEOLOGIAPP850COMPRAo.STAFF. Colección Teologiad20279 81gALBERTO SANCHEZ Responsable de Automatización r2025-12-03 00:00:00i5l0o227.4 R55p75752te1v17.59w2017-05-08xPGyBKzinventario-2023-12-13102ddc50708GENfP85aBULbBULcGENd2017-05-08eCOMPRAg12.59